Negotiating Skills / (Record no. 13)

MARC details
000 -LEADER
fixed length control field 00464nam a22001697a 4500
005 - DATE AND TIME OF INPUT
control field 20231023130642.0
008 - DATA ELEMENTS--GENERAL INFORMATION
fixed length control field 231023b |||||||| |||| 00| 0 eng d
022 ## - INTERNATIONAL STANDARD SERIAL NUMBER
Source 0409029971
041 ## - LANGUAGE CODE
Language code of text English
082 ## - SHELF NUMBER
DDC number 158 HAL
100 ## - MAIN AUTHOR
Main author's name Halpern, A
Language of a work English
245 ## - TITLE STATEMENT
Title Negotiating Skills /
Statement of responsibility, etc. A Halpern
260 ## - PUBLICATION, DISTRIBUTION, ETC.
Place of publication, distribution, etc. Durban
Name of publisher, distributor, etc. Butterworths
Date of publication, distribution, etc. 1997
300 ## - PHYSICAL DESCRIPTION
Other physical details ix, 86 pages
Dimensions 25 cm.
650 ## - SUBJECT`
Broad subject legal practice
Own subject terms Law
942 ## - ADDED ENTRY ELEMENTS (KOHA)
Item type Books
942 ## - ADDED ENTRY ELEMENTS (KOHA)
-- ALISON_B_N__VRIES
Holdings
Source of classification or shelving scheme Not for loan Collection code Home library Current library Date acquired Full call number Barcode Price effective from Koha item type
Dewey Decimal Classification   TEXT BOOKS LAW SOCIETY OF NAMIBIA LIBRARY - WINDHOEK LAW SOCIETY OF NAMIBIA LIBRARY - WINDHOEK 10/23/2023 158 HAL LSN/2002/27 10/23/2023 Books